000 00507nam a2200193 a 4500
001 10721
003 CO-ViMGA
008 141112s2004 ck r 000 u spa d
020 _a8472453626
040 _aCO-ViMGA
_bspa
_cCO-ViMGA
082 0 4 _a920 M67ml
100 1 _aMorin ; Edgar, Manuel Serrat Crespo,
_914658
245 1 0 _aMis Demonios
260 _aBarcelona :
_bEditorial Kairos,
_c1995
300 _a293p.
490 _aColección Ensayo
650 1 4 _aNOVELA - COLOMBIANA
_91193
942 _2ddc
_cBK
999 _c21989
_d21989